000
003110000a22001450004500
020
_a
0-7251-764-3
082
0
4
_a
B R299p
100
1
_a
Repchuk, Caroline
245
1
0
_a
Polly Pup / Caroline Repchuk
260
_a
China : Parragon
300
_a
16 P.
500
_a
Texto pasta dura
001
945
942
_c
LGB
999
_c
48125
_d
48125